000 00785nab a2200241 u 4500
001 17723
003 HDC
007 cr bn ---aaaaa
008 210224c20121114xx dr|noo 0 a eng d
040 _aHDC
245 0 _aMalaysia: Megacoral targets 15% halal market share
260 _a[No place] :
_b[publisher not identified],
_c2012
336 _atext
_2rdacontent
337 _acomputer
_2rdamedia
338 _aonline resource
_2rdacarrier
650 _ahalal Chinese cuisine
_916966
650 _ahalal food
_950
710 _aHalal focus
856 _zRequest full-text at [email protected]
942 _2lcc
942 _cNEWS
942 _kNWSO 005977
999 _c15039
_d15039